A la vuelta del mundo / (Record no. 22534)

000 -CABECERA
fixed length control field 00852nam a22002297a 4500
003 - IDENTIFICADOR DEL NÚMERO DE CONTROL
control field AR-CdUCM
008 - DATOS DE LONGITUD FIJA--INFORMACIÓN GENERAL
fixed length control field 190423b ||||| |||| 00| 0 spa d
020 ## - NÚMERO INTERNACIONAL ESTÁNDAR DEL LIBRO
ISBN 9786123165130
040 ## - FUENTE DE LA CATALOGACIÓN
Agencia/entidad que catalogó originalmente la obra MUNICIPALIDAD PROVINCIAL DEL CUSCO
Entidad que transcribió la catalogación BIBLIOTECA MUNICIPAL DEL CUSCO
082 ## - NÚMERO DE LA CLASIFICACIÓN DECIMAL DEWEY
No. de Clasificación ES/808.0683/M342
Notacion interna M342
100 ## - ENTRADA PRINCIPAL--NOMBRE DE PERSONA
Nombre Personal Mariscal Crevoisier, Javier
245 ## - MENCIÓN DE TÍTULO
Título A la vuelta del mundo /
Mención de responsabilidad Javier Mariscal Crevoisier ; ilustraciones de Carmen García
260 ## - PUBLICACIÓN, DISTRIBUCIÓN, ETC.
Lugar de publicación, distribución, etc. Lima :
Nombre de la editorial, distribuidor, etc. SM,
Fecha de publicación, distribución, etc. 2017.
300 ## - DESCRIPCIÓN FÍSICA
Nº de Páginas Extensión 125 páginas :
Otros detalles físicos ilustraciones en color,
Dimensiones 19 cm.
650 ## - PUNTO DE ACCESO ADICIONAL DE MATERIA--TÉRMINO DE MATERIA
Descriptor Novelas infantiles peruanas
9 (RLIN) 48438
650 ## - PUNTO DE ACCESO ADICIONAL DE MATERIA--TÉRMINO DE MATERIA
Descriptor Siglo XXI
9 (RLIN) 48439
700 ## - PUNTO DE ACCESO ADICIONAL--NOMBRE DE PERSONA
Nombre Personal García, Carmen
Término de relación ilustrador
9 (RLIN) 48440
942 ## - ELEMENTOS DE PUNTO DE ACCESO ADICIONAL (KOHA)
Fuente de clasificación
Tipo de item Libros-BMC
945 ## - PROCESAMIENTO DE INFORMACIÓN LOCAL (OCLC)
Catalogador rac
Holdings
Estado de retiro (separado) Fuente de clasificación o esquema de estanterías Estado dañado Ubicación Sala donde se ubica Nombre de la colección Fecha de adquisición o compra Fuente de adquisición Costo, precio normal en soles Signatura topográfica Código de Barras Última vez visto (Koha) Tipo de ítem (Koha)
No     Sala de Infantes Sala de Infantes Book Cart 2022-09-19 Donación 30.00 ES/808.0683/M342 SI00004753 2022-09-19 Libros-BMC
No     Sala de Infantes Sala de Infantes Book Cart 2022-09-19 Donación 30.00 ES/808.0683/M342/e.2 SI00004754 2022-09-19 Libros-BMC

Powered by Koha